01504 2200661 4500001002100000005001500021035002000036007000300056008004100059020002200100082000800122084001400130100001400144245007300158260003400231300004400265650001300309990001300322990001300335990001300348990001300361990001300374990001300387990001300400990001300413990001300426990001300439990001300452990001300465990001300478990001300491990001300504990001300517990001300530990001300543990001300556990001300569990001300582990001300595990001300608990001300621990001300634990001300647990001300660990001300673990001300686990001300699990001300712990001300725990001300738990001300751990001300764990001300777990001300790990001300803990001300816990001300829INLIS00000000000151320240827105825 a0010-0824000010ta240827 0 ind  a978-623-199-032-7 a910 a910 SUG m0 aSugiyanto1 aMengkaji Ilmu Geografi [1] :bUntuk Kelas XI SMA dan MA /cSugiyanto aSolo :bTiga Serangkai,c2023 axvi, 160 hlm :bIlus ;c20 cm x 25.5 cm 4aGeografi a07230723 a07230723 a07230723 a07230723 a07230723 a07230723 a07230723 a07230723 a07230723 a07230723 a07230723 a07230723 a07230723 a07230723 a07230723 a07230723 a07230723 a07230723 a07230723 a07230723 a07230723 a07230723 a07230723 a07230723 a07230723 a07230723 a07230723 a07230723 a07230723 a07230723 a07230723 a07230723 a07230723 a07230723 a07230723 a07230723 a07230723 a07230723 a07230723 a07230723